00974 a2200217 4500003000500000005001700005010001600022020001500038040000900053082001500062100002200077245008000099250001200179260003400191300003500225505039300260650002900653650002800682700002200710700002400732Nust20221121135345.0 a 91030740 a0471509973 cNust00a515.35,BOY1 aBoyce, William E.10aElementary differential equations / cWilliam E. Boyce, Richard C. DiPrima. a7th ed. aNew York :bJ. Wiley,cc2002. axvi, 592pbcol. ill. ;c25 cm. aIntroduction (Page-1), First Order Differential Equations (Page-29), Second Order Linear Equations (Page-129), Higher Order Linear Equations (Page-209), Series Solutions of Second Order Linear Equations (Page-231), The Laplace Transform (Page-293), Systems Of First Order Linear Equations (Page-339), Numerical Methods (Page-419), Nonlinear Differential Equation and Stability (Page-459). 0aBoundary value problems. 0aDifferential equations.1 aBoyce, William E.1 aDiPrima, Richard C.